Honesty really is the best policy (Record no. 79379)

MARC details
000 -LEADER
fixed length control field 01424cab a22002175a 4500
001 - CONTROL NUMBER
control field L140939
008 - FIXED-LENGTH DATA ELEMENTS--GENERAL INFORMATION
fixed length control field 071022e20071013xxk f w 000 0 eng d
035 ## - SYSTEM CONTROL NUMBER
System control number (Sirsi) u140939
041 0# - LANGUAGE CODE
Language code of text/sound track or separate title eng
100 1# - MAIN ENTRY--PERSONAL NAME
Personal name Evans, Hugh
245 00 - TITLE STATEMENT
Title Honesty really is the best policy
260 ## - PUBLICATION, DISTRIBUTION, ETC.
Date of publication, distribution, etc. 2007
490 ## - SERIES STATEMENT
Series statement Estates Gazette
Volume/sequential designation (0741) 13 October 2007, 195(1)
520 ## - SUMMARY, ETC.
Summary, etc. Suggests strongly that mortgage fraud is not limited to the legal profession but also affects valuers. Discusses the case of Nationwide Building Society v Dunlop Haywards Ltd [2007] EWHC 1374 (Comm); [2007] 07 PLSCS 181. Following a series of valuations carried out by a director of Dunlop Haywards (DH), Nationwide lodged an unusual claim for damages for deceit rather than conventional claim for negligence or breach of contract. As the defendant was under criminal investigation, Nationwide also applied for a rarely given summary judgement, thereby also pre-empting a defence of contributory negligence. Held: summary judgement justified. Damages said to be about £27m, but remains unconfirmed as the case was settled on the day judgement was to be handed down.
590 ## - LOCAL NOTE (RLIN)
Local note ka
650 24 - SUBJECT ADDED ENTRY--TOPICAL TERM
Topical term or geographic name entry element MORTGAGE FRAUD
650 24 - SUBJECT ADDED ENTRY--TOPICAL TERM
Topical term or geographic name entry element NATIONWIDE BUILDING SOCIETY V DUNLOP HAYWARDS LTD
651 #4 - SUBJECT ADDED ENTRY--GEOGRAPHIC NAME
Geographic name England and Wales
Chronological subdivision 1543-
690 ## - LOCAL SUBJECT ADDED ENTRY--TOPICAL TERM (OCLC, RLIN)
Topical term or geographic name as entry element PROPERTY-RESIDENTIAL PROPERTY-RESIDENTIAL PROPERTY FINANCE AND INVESTMENT-MORTGAGING RESIDENTIAL PROPERTY
942 ## - ADDED ENTRY ELEMENTS (KOHA)
Suppress in OPAC 0
Holdings
Withdrawn status Lost status Source of classification or shelving scheme Damaged status Not for loan Home library Current library Shelving location Date acquired Total Checkouts Full call number Barcode Date last seen Copy number Price effective from Koha item type
    Dewey Decimal Classification     London London Journal article 22/10/2007   L140939 140939-1001 06/08/2019 1 06/08/2019 Law report